02591 2201129 4500001002100000005001500021035002000036020001400056082000700070084001100077245002500088260005700113300002100170110001200191100001200203022001400215650002300229008003900252990001500291990001500306990001500321990001500336990001500351990001500366990001500381990001500396990001500411990001500426990001500441990001500456990001500471990001500486990001500501990001500516990001500531990001500546990001500561990001500576990001500591990001500606990001500621990001500636990001500651990001500666990001500681990001500696990001500711990001500726990001500741990001500756990001500771990001500786990001500801990001500816990001500831990001500846990001500861990001500876990001500891990001500906990001500921990001500936990001500951990001500966990001500981990001500996990001501011990001501026990001501041990001501056990001501071990001501086990001501101990001501116990001501131990001501146990001501161990001501176990001501191990001501206990001501221990001501236990001501251990001501266990001501281990001501296990001501311990001501326990001501341990001501356990001501371990001501386990001501401990001501416990001501431990001501446INLIS00000000000573520260409100537 a0010-0426000020 a0853-5922 aM1 aM1 EKS1 aEkstensia /cBPPSDMP aJakarta :bPusat Penyuluhan Pertanian BPPSDMP,c2012 a104 hal. :bIlus0 aBPPSDMP aBPPSDMP a0853-5922 4aPenyuluh Pertanian260409 | | |  aM/039/2026 aM/001/2026 aM/002/2026 aM/003/2026 aM/004/2026 aM/005/2026 aM/006/2026 aM/007/2026 aM/008/2026 aM/009/2026 aM/010/2026 aM/011/2026 aM/012/2026 aM/013/2026 aM/014/2026 aM/015/2026 aM/016/2026 aM/017/2026 aM/018/2026 aM/019/2026 aM/020/2026 aM/021/2026 aM/022/2026 aM/023/2026 aM/024/2026 aM/025/2026 aM/026/2026 aM/027/2026 aM/028/2026 aM/029/2026 aM/030/2026 aM/031/2026 aM/032/2026 aM/033/2026 aM/034/2026 aM/035/2026 aM/036/2026 aM/037/2026 aM/038/2026 aM/040/2026 aM/041/2026 aM/042/2026 aM/043/2026 aM/044/2026 aM/045/2026 aM/046/2026 aM/047/2026 aM/048/2026 aM/051/2026 aM/052/2026 aM/053/2026 aM/054/2026 aM/049/2026 aM/050/2026 aM/055/2026 aM/056/2026 aM/057/2026 aM/058/2026 aM/059/2026 aM/060/2026 aM/061/2026 aM/062/2026 aM/063/2026 aM/064/2026 aM/065/2026 aM/066/2026 aM/067/2026 aM/068/2026 aM/069/2026 aM/070/2026 aM/071/2026 aM/072/2026 aM/073/2026 aM/074/2026 aM/075/2026 aM/076/2026 aM/077/2026 aM/078/2026